00801nam 22002533 4500001000700000021000700007090001100014100004100025101000800066102000700074200005300081205000800134210002800142215003100170225003300201300004700234606003900281675002500320700004200345801001800387830002900405990001100434995010200445202097 aPT a202097 a20240117d u||y0pory50 ba apor aPT aRápida, a sombrafVergílio Ferreiraeromance a1ª aLisboacArcádiad1975 a275 p.cencadernadod20 cm aObras de Vergílio Ferreira aContém dedicatória na folha de guarda  93481aLiteratura Portuguesa Contos a821.134.3-3vPTzpor 91045aFerreirabVergíliof1916-1996 aPTbBMMNgRPC cAna FalardofAna Falardo cLIVROS 002052026-05-11931796bBMMNf31516k821.134.3-3 FER|SAFo0rLIVROSuAcesso CondicionadosOferta